Songs without words / by Ann Packer.
Available copies
- 1 of 1 copy available at LARL/NWRL Consortium.
Current holds
0 current holds with 1 total copy.
View other formats and editions
Show Only Available Copies
| Location | Call Number / Copy Notes | Barcode | Shelving Location | Status | Due Date |
|---|---|---|---|---|---|
| Roseau Public Library | PAC (Text) | 35500004083612 | Main | Available | - |
Record details
- ISBN: 9780375412813
- ISBN: 0375412816
- Physical Description: 321 p. ; 25 cm.
- Edition: 1st ed.
- Publisher: New York : Knopf, 2007.
Search for related items by subject
| Subject: | Female friendship > Fiction. Self-perception > Fiction. |
| LDR | 01880nam a22003978a 4500 | ||
|---|---|---|---|
| 001 | 80281 | ||
| 003 | LARL_NWRL_CONSORTIUM | ||
| 005 | 20070522094056.0 | ||
| 008 | 061205s2007 nyu 000 1 eng | ||
| 010 | . | ‡a2006100512 | |
| 020 | . | ‡a9780375412813 | |
| 020 | . | ‡a0375412816 | |
| 035 | . | ‡a(OCoLC)76925237 | |
| 040 | . | ‡aDLC ‡cDLC ‡dBTCTA ‡dBAKER | |
| 082 | 0 | 0. | ‡a813/.54 ‡222 |
| 100 | 1 | . | ‡aPacker, Ann, ‡d1959- ‡0(LARL_NWRL_CONSORTIUM)112202 |
| 245 | 1 | 0. | ‡aSongs without words / ‡cby Ann Packer. |
| 250 | . | ‡a1st ed. | |
| 260 | . | ‡aNew York : ‡bKnopf, ‡c2007. | |
| 300 | . | ‡a321 p. ; ‡c25 cm. | |
| 650 | 0. | ‡aFemale friendship ‡vFiction. ‡0(LARL_NWRL_CONSORTIUM)164947 | |
| 650 | 0. | ‡aSelf-perception ‡vFiction. ‡0(LARL_NWRL_CONSORTIUM)167332 | |
| 901 | . | ‡a80281 ‡bOCLC ‡c80281 ‡tbiblio | |

Add to basket
Permalink
Disable Highlighting